000 00812nam a2200217 a 4500
001 84319
003 BD-RjUL
005 20241119101631.0
008 241119s1954 bg ||||| |||| 00| 0 ben d
035 _a(BD-RjUL)84319
040 _aBD-RjUL
_beng
_cBD-RjUL
041 _aben
082 _223
_a954.14
_bKAS 1954
100 _aকবিরাজ, নরহরি.
_914312
245 _aস্বাধীনতার সংগ্রামে বাঙলা /
_cনরহরি কবিরাজ
260 _aঢাকা :
_bবাণী প্রকাশ,
_c[১৯৫৪]
300 _a২৬৮ পৃ.;
_c২২ সেমি.
650 _aবাংলা (ভারত)
_vইতিহাস
_y১৭৫৭-১৯৪৭
_914313
650 _aBengal (India)
_vHistory
_y1757-1947
_914314
942 _2ddc
_cBK
999 _c84319
_d84319